Statistics for 5 Biggest Cities : Canada

Click here to take the quiz!

General Stats

  • This quiz has been taken 149 times
  • The average score is 4 of 5

Answer Stats

RankCity% Correct
1Toronto
98%
2Montreal
91%
4Ottawa
89%
3Calgary
80%
5Edmonton
80%

Score Distribution

Percentile by Number Answered

Percent of People with Each Score

Your Score History

You have not taken this quiz